| 000 | 00375nam a2200169Ia 4500 | ||
|---|---|---|---|
| 008 | 220216s9999 xx 000 0 und d | ||
| 100 | _aSekhar B C | ||
| 245 | 0 | _aHeveacrumb | |
| 260 |
_bRubber Developments _c1965 |
||
| 300 | _a78-84 | ||
| 650 | _aHeveacrumb | ||
| 700 | _aGraham D J | ||
| 700 | _aOConnell J | ||
| 700 | _aSethu S | ||
| 700 | _aSung C P | ||
| 942 | _cJS | ||
| 999 |
_c60346 _d60346 |
||